000 01730cam a22003495a 4500
001 L140508
008 070926s2007 xxk f 000 0 eng d
035 _a(Sirsi) u140508
041 0 _aeng
050 0 4 _a346.4104343 $2 18
110 2 _aJoint Working Group on Commercial Leases
_95168
245 0 0 _aLeasing Business Premises
_bLandlord Code
260 _a[S.l]
_bJoint Working Group on Commercial Leases
_c2007
300 _a2p.
_c29cm.
520 _aA summary of the Code of Leasing Business Premises (L137317) which is the result of collaboration between commercial property professionals and industry bodies. Summarises the responsibilities of the landlord. Aims to promote fairness in commercial leases and to increase awareness of property issues. Includes brief details on subletting, service charges, repairs, alterations and changes of use, insurance and ongoing management.
651 4 _aEngland and Wales
_y1543-
690 _aPROPERTY-COMMERCIAL PROPERTY-COMMERCIAL LANDLORD AND TENANT-COMMERCIAL LEASES
710 2 _aAssociation of British Insurers
_93272
710 2 _aBritish Council for Offices
_93992
710 2 _aBritish Property Federation
_91604
710 2 _aBritish Retail Consortium
_91582
710 2 _aConfederation of British Industry
_9414
710 1 _aUnited Kingdom
_bDepartment for Communities and Local Government
_94939
710 1 _aCorenet Global
_94279
710 1 _aForum of Private Business
_94226
710 1 _aFederation of Small Businesses
_91084
710 1 _aInvestment Property Forum
_92112
710 1 _aLaw Society of England and Wales
_91639
710 1 _aRoyal Institution of Chartered Surveyors
_94900
710 2 _aWales
_bWelsh Assembly Government
942 _n0
999 _c107513
_d107513